| 000 | 00905nam a22001937a 4500 | ||
|---|---|---|---|
| 003 | JO-AjAnu | ||
| 005 | 20231213123030.0 | ||
| 008 | 231213b jo ||||| |||| 00| 0 ara d | ||
| 022 | _a978-9256096463 | ||
| 040 |
_bara _cJO-AjAnu _dANU |
||
| 100 |
_aبانتينوس، كريستيان _965025 _eمؤلف |
||
| 245 |
_aهيئة مكافحة الجراد الصحراوي في المنطقة الوسطى لمنظمة الأغذية والزراعة: الاحتفال بمرور 50 سنة من الخدمة 1967 - 2017 / _cكريستيان بانتينوس |
||
| 260 |
_aالقاهرة : _bهيئة مكافحة الجراد الصحراوي في المنطقة الوسطى، _c2017 |
||
| 300 | _a163 صفحه | ||
| 500 | _aيحتوي على صور من وحي الواقع | ||
| 650 | _vجراد الصحراء-مكافحة | ||
| 700 |
_aمنير بطرس _965026 _eمترجم |
||
| 942 |
_2lcc _cBK _n0 |
||
| 999 |
_c33302 _d33302 |
||